[Event "TUR-chT Superleague 2018"]
[Site "Ankara"]
[Date "2018.07.30"]
[Round "7"]
[White "Salepci, Osman Firat"]
[Black "Esen, Baris"]
[Result "0-1"]
[WhiteElo "2082"]
[BlackElo "2487"]
[Annotator "TA"]
[PlyCount "56"]
[EventDate "2018.07.25"]
[EventType "team-tourn"]
[EventCountry "TUR"]
[SourceTitle "playchess.com"]
[Source "ChessBase"]
[SourceQuality "1"]

{[%evp 17,56,10,11,8,39,29,13,2,33,18,10,0,0,0,0,0,0,-4,-16,-196,-188,-185,-193,-478,-470,-473,-397,-400,-401,-396,-398,-420,-400,-395,-409,-678,-673,-662,-657,-649,-646]} 1. e4 c5 2. c3 d5 3. exd5 Qxd5 4. d4 Nf6 5. Nf3 e6 6. Be3 cxd4 7. cxd4 Be7 8. Nc3 Qd8 9. Bd3 {B22: Sicilian: 2 c3} O-O {LiveBook: 48 Games} 10. Ne5 (10. O-O b6 11. Re1 Bb7 12. Qe2 Nd5 13. Bd2 Nxc3 14. bxc3 Nd7 15. c4 Bf6 16. Bc3 Qc7 17. Rad1 Rfd8 18. Qe3 Rac8 {0-1 (37) Bortnyk,O (2581)-Nakamura,H (2779) Doha 2016}) 10... Bd7 $146 ({Predecessor:} 10... Nbd7 11. O-O Nb6 12. Qf3 Nbd5 13. Rac1 Bd7 14. Nxd5 exd5 15. Bg5 Be6 16. Bf5 Ne4 17. Bxe7 Qxe7 18. Bxe6 Qxe6 19. Qa3 a6 20. Qb4 Nd6 21. Rfe1 a5 22. Qb6 {½-½ (22) Mikhalchishin,A (2530)-Maksimenko,A (2500) Ptuj 1998}) 11. Qf3 {White is slightly better.} Nc6 12. Rd1 Nb4 13. Bb1 Nbd5 14. Nxd5 Nxd5 15. O-O Bb5 16. Rfe1 Bb4 {Hoping for ...Qa5.} 17. Qh3 {[%csl Gb1][%cal Rh3h7] [#]} g6 {[%cal Bg7g6,Bg6g5][%mdl 32]} 18. Qh6 $2 (18. Bd2 $11) 18... Bxe1 $19 19. Rxe1 Nxe3 20. Rxe3 $2 (20. Qxe3 Qd5 21. Ng4) 20... Qxd4 21. Bd3 {[#] White threatens Rh3 and mate.} Bxd3 22. Rh3 {[%csl Gh3][%cal Rh6h7]} g5 $1 23. Nxd3 {[%csl Gh3][%cal Rh6h7]} Qg7 24. Qh5 Rfd8 25. Rg3 Rd5 26. Nf4 (26. h4 $142) 26... Qxb2 {( -> ...Qc1+). Black is clearly winning.} ({Not} 26... gxf4 27. Rxg7+ Kxg7 28. Qg4+ Kf8 29. h3 $15) 27. Rxg5+ Rxg5 28. Qxg5+ Qg7 {Precision: White = 22%, Black = 74%.} 0-1

[Event "TUR-chT Superleague 2018"]
[Site "Ankara"]
[Date "2018.07.30"]
[Round "7"]
[White "Cansun, Can Alp"]
[Black "Gulbeyaz, Emir"]
[Result "1/2-1/2"]
[WhiteElo "1894"]
[BlackElo "2074"]
[Annotator "NA"]
[PlyCount "128"]
[EventDate "2018.07.25"]
[EventType "team-tourn"]
[EventCountry "TUR"]
[SourceTitle "playchess.com"]
[Source "ChessBase"]
[SourceQuality "1"]
[TimeControl "40/5400+30:1800+30"]

1. e4 g6 2. d4 Bg7 3. Nc3 a6 4. f4 d6 5. Nf3 b5 6. Bd3 Nd7 7. e5 e6 8. O-O Ne7 9. a4 b4 10. Ne4 d5 11. Neg5 h6 12. Nh3 c5 13. c3 Nc6 14. g4 cxd4 15. cxd4 Qb6 16. Be3 h5 17. gxh5 Rxh5 18. Nfg5 Nf8 19. Qg4 Rh8 20. Qg2 Ne7 21. a5 Qb7 22. Rfc1 Bd7 {[%emt 0:46:30]} 23. Qe2 {[%emt 1:09:30]} Nh7 {[%emt 0:02:30]} 24. Nf2 {[%emt 0:01:30]} Nf5 {[%emt 0:02:30]} 25. Bxf5 {[%emt 0:04:30]} gxf5 {[%emt 0:00:30]} 26. Nf3 {[%emt 0:04:30]} Nf8 {[%emt 0:10:30]} 27. Nd3 {[%emt 0:01:30]} Bb5 {[%emt 0:01:30]} 28. Qd2 {[%emt 0:00:30]} Ng6 {[%emt 0:04:30]} 29. Nxb4 {[%emt 0:08:55]} Bh6 {[%emt 0:00:30]} 30. Ra3 {[%emt 0:03:24]} Rg8 {[%emt 0:00:00]} 31. Kh1 {[%emt 0:01:23]} Rb8 {[%emt 0:00:00]} 32. Rac3 {[%emt 0:00:42]} Bc4 {[%emt 0:00:30]} 33. Nd3 {[%emt 0:00:00]} Qb5 {[%emt 0:03:30]} 34. b3 {[%emt 0:00:38]} Bxd3 {[%emt 0:00:30]} 35. Qxd3 {[%emt 0:04:12]} Qxd3 {[%emt 0:01:30]} 36. Rxd3 {[%emt 0:00:01]} Bxf4 {[%emt 0:06:30]} 37. Rdc3 {[%emt 0:00:54]} Kf8 {[%emt 0:02:30]} 38. Bxf4 {[%emt 0:04:22]} Nxf4 {[%emt 0:00:30]} 39. Rc8+ {[%emt 0:00:20]} Kg7 {[%emt 0:00:00]} 40. Rg1+ {[%emt 0:00:20]} Ng6 {[%emt 0:00:00]} 41. Rc7 {[%emt 0:01:19]} Rgc8 {[%emt 0:02:30]} 42. Ra7 {[%emt 0:03:30]} Ra8 {[%emt 0:00:30]} 43. Rb7 {[%emt 0:02:30]} Rab8 {[%emt 0:00:30]} 44. Ra7 {[%emt 0:01:30]} Ra8 {[%emt 0:00:30]} 45. Rb7 {[%emt 0:11:14]} Rab8 {[%emt 0:00:30]} 46. Ra7 {[%emt 0:01:14]} Ra8 {[%emt 0:00:00]} 47. Rd7 {[%emt 0:05:45]} Rd8 {[%emt 0:00:00]} 48. Rc7 {[%emt 0:00:04]} Rdc8 {[%emt 0:00:30]} 49. Rgc1 {[%emt 0:01:12]} Rxc7 {[%emt 0:00:30]} 50. Rxc7 {[%emt 0:00:00]} Rb8 {[%emt 0:01:30]} 51. Ng5 {[%emt 0:00:00]} Rxb3 {[%emt 0:00:00]} 52. Nxe6+ {[%emt 0:00:03]} Kg8 {[%emt 0:02:00]} 53. Rc8+ {[%emt 0:00:30]} Kh7 {[%emt 0:00:00]} 54. Ng5+ {[%emt 0:00:01]} Kg7 {[%emt 0:00:00]} 55. Rc7 {[%emt 0:00:30]} Nh4 {[%emt 0:00:30]} 56. Kg1 {[%emt 0:01:06]} Kg6 {[%emt 0:01:30]} 57. Nxf7 {[%emt 0:00:05]} f4 {[%emt 0:00:30]} 58. e6 {[%emt 0:02:21]} Rb1+ {[%emt 0:01:30]} 59. Kf2 {[%emt 0:00:59]} Rb2+ {[%emt 0:00:30]} 60. Kf1 {[%emt 0:02:35]} Rb1+ {[%emt 0:05:30]} 61. Kf2 {[%emt 0:00:13]} Rb2+ {[%emt 0:00:00]} 62. Kf1 {[%emt 0:00:59]} Rb1+ {[%emt 0:00:00]} 63. Kf2 {[%emt 0:01:20]} Rb2+ {[%emt 0:00:30]} 64. Kf1 {[%emt 0:00:08]} Kf5 {[%emt 0:00:30]} 1/2-1/2

[Event "TUR-chT Superleague 2018"]
[Site "Ankara"]
[Date "2018.07.30"]
[Round "7"]
[White "Yildirim, Ibrahim Halil"]
[Black "Can, Isik"]
[Result "0-1"]
[WhiteElo "1887"]
[BlackElo "2385"]
[Annotator "NA"]
[PlyCount "102"]
[EventDate "2018.07.25"]
[EventType "team-tourn"]
[EventCountry "TUR"]
[SourceTitle "playchess.com"]
[Source "ChessBase"]
[SourceQuality "1"]
[TimeControl "40/5400+30:1800+30"]

1. e4 e5 2. Bc4 Nf6 3. d3 c6 4. Nf3 d5 5. Bb3 a5 6. a3 a4 7. Ba2 Bd6 8. Nc3 dxe4 9. Ng5 O-O 10. Ncxe4 h6 11. Nxf6+ Qxf6 12. Ne4 Qg6 13. Nxd6 Qxd6 14. O-O Be6 15. Bxe6 Qxe6 16. f4 exf4 17. Bxf4 Nd7 18. Qd2 {[%emt 1:07:00]} Rfe8 {[%emt 0:48:30]} 19. Rf3 {[%emt 0:22:02]} Nf8 {[%emt 0:07:30]} 20. Raf1 {[%emt 0:01:59]} Ng6 {[%emt 0:05:30]} 21. Qf2 {[%emt 0:02:28]} Re7 {[%emt 0:02:30]} 22. Re3 {[%emt 0:02:11]} Qd7 {[%emt 0:01:30]} 23. Rxe7 {[%emt 0:00:35]} Qxe7 {[%emt 0:00:00]} 24. Bd2 {[%emt 0:00:34]} f6 {[%emt 0:07:00]} 25. Re1 {[%emt 0:00:32]} Qd7 {[%emt 0:01:30]} 26. Bc3 {[%emt 0:01:29]} Re8 {[%emt 0:08:30]} 27. Rxe8+ {[%emt 0:00:30]} Qxe8 {[%emt 0:00:00]} 28. Qe1 {[%emt 0:01:49]} Qxe1+ {[%emt 0:07:02]} 29. Bxe1 {[%emt 0:00:30]} Kf7 {[%emt 0:00:30]} 30. Kf2 {[%emt 0:00:06]} Ne5 {[%emt 0:00:24]} 31. h3 {[%emt 0:00:37]} g5 {[%emt 0:02:17]} 32. Bc3 {[%emt 0:02:59]} Ng6 {[%emt 0:00:26]} 33. g3 {[%emt 0:00:31]} h5 {[%emt 0:01:57]} 34. Bd2 {[%emt 0:00:29]} Ke6 {[%emt 0:01:43]} 35. Kf3 {[%emt 0:00:33]} Ne5+ {[%emt 0:00:44]} 36. Kf2 {[%emt 0:00:30]} b5 {[%emt 0:01:45]} 37. Bc3 {[%emt 0:00:30]} Ng6 {[%emt 0:01:02]} 38. Bd2 {[%emt 0:00:29]} c5 {[%emt 0:00:40]} 39. Ke2 {[%emt 0:00:31]} Ne5 {[%emt 0:01:12]} 40. Bc3 {[%emt 0:00:00]} Nc6 {[%emt 0:01:18]} 41. Kf2 {[%emt 0:21:04]} Kf5 {[%emt 0:19:22]} 42. b3 {[%emt 0:06:31]} Nd4 {[%emt 0:09:39]} 43. b4 {[%emt 0:03:57]} Nxc2 {[%emt 0:01:00]} 44. bxc5 {[%emt 0:00:26]} Nxa3 {[%emt 0:01:14]} 45. c6 {[%emt 0:01:16]} Ke6 {[%emt 0:00:05]} 46. Bxf6 {[%emt 0:00:16]} b4 {[%emt 0:01:21]} 47. c7 {[%emt 0:00:55]} Kd7 {[%emt 0:00:02]} 48. Ke2 {[%emt 0:00:00]} Nb5 {[%emt 0:06:06]} 49. Kd2 {[%emt 0:00:28]} b3 {[%emt 0:00:00]} 50. Kc1 {[%emt 0:00:39]} a3 {[%emt 0:00:41]} 51. Kb1 {[%emt 0:01:01]} g4 {[%emt 0:00:30]} 0-1

[Event "TUR-chT Superleague 2018"]
[Site "Ankara"]
[Date "2018.07.30"]
[Round "7"]
[White "Can, Isil"]
[Black "Ayan, Bengu Sena"]
[Result "1/2-1/2"]
[WhiteElo "1862"]
[BlackElo "1787"]
[Annotator "NA"]
[PlyCount "65"]
[EventDate "2018.07.25"]
[EventType "team-tourn"]
[EventCountry "TUR"]
[SourceTitle "playchess.com"]
[Source "ChessBase"]
[SourceQuality "1"]
[TimeControl "40/5400+30:1800+30"]

1. e4 e6 2. d4 d5 3. exd5 exd5 4. Bd3 c5 5. dxc5 Bxc5 6. Nf3 Nf6 7. O-O O-O 8. h3 Qd6 9. Nc3 a6 10. Bg5 Bxh3 11. gxh3 Qg3+ 12. Kh1 Qxh3+ 13. Nh2 Bd6 14. f4 Nh5 15. Qf3 Ng3+ 16. Kg1 Bc5+ 17. Rf2 Bxf2+ 18. Qxf2 f6 19. Qg2 Qxg2+ 20. Kxg2 fxg5 21. Kxg3 gxf4+ 22. Kf2 d4 23. Ne4 Nc6 24. Nf3 {[%emt 0:49:00]} g6 {[%emt 1:11:30]} 25. Neg5 {[%emt 0:06:30]} Rf6 {[%emt 0:14:10]} 26. Rh1 {[%emt 0:09:30]} h5 {[%emt 0:00:37]} 27. Ne4 {[%emt 0:04:30]} Rff8 {[%emt 0:01:52]} 28. Rg1 {[%emt 0:00:00]} Kg7 {[%emt 0:02:03]} 29. Nc5 {[%emt 0:07:00]} Rf6 {[%emt 0:01:55]} 30. Nd7 {[%emt 0:00:30]} Re6 {[%emt 0:00:47]} 31. Nc5 {[%emt 0:01:30]} Rf6 {[%emt 0:00:28]} 32. Nd7 {[%emt 0:07:30]} Re6 {[%emt 0:02:25]} 33. Nc5 {[%emt 0:08:54]} 1/2-1/2

[Event "TUR-chT Superleague 2018"]
[Site "Ankara"]
[Date "2018.07.30"]
[Round "7"]
[White "Ozbek, Busra"]
[Black "Ozbay, Ece"]
[Result "1/2-1/2"]
[WhiteElo "1848"]
[BlackElo "2140"]
[Annotator "NA"]
[PlyCount "84"]
[EventDate "2018.07.25"]
[EventType "team-tourn"]
[EventCountry "TUR"]
[SourceTitle "playchess.com"]
[Source "ChessBase"]
[SourceQuality "1"]
[TimeControl "40/5400+30:1800+30"]

1. d4 d5 2. Nf3 Nf6 3. e3 c5 4. b3 cxd4 5. exd4 Nc6 6. Bb2 Bg4 7. Be2 e6 8. Nbd2 Bd6 9. O-O Qc7 10. h3 Bf5 11. a3 O-O 12. c4 Rad8 13. c5 Bf4 14. b4 e5 15. Nxe5 Nxe5 16. dxe5 Nd7 {[%emt 1:05:30]} 17. Nf3 {[%emt 1:02:30]} Be4 {[%emt 0:01:30]} 18. Nd4 {[%emt 0:08:30]} Nxe5 {[%emt 0:03:30]} 19. g3 {[%emt 0:06:30]} Bxg3 {[%emt 0:02:30]} 20. fxg3 {[%emt 0:04:14]} Nd3 {[%emt 0:01:30]} 21. Kh2 {[%emt 0:02:36]} Nxb2 {[%emt 0:00:00]} 22. Qb3 {[%emt 0:01:19]} Nc4 {[%emt 0:02:00]} 23. Bxc4 {[%emt 0:01:50]} dxc4 {[%emt 0:00:00]} 24. Qxc4 {[%emt 0:00:34]} Qe5 {[%emt 0:03:00]} 25. Rad1 {[%emt 0:01:14]} Rd5 {[%emt 0:07:21]} 26. Rf2 {[%emt 0:06:21]} h6 {[%emt 0:06:50]} 27. Rdd2 {[%emt 0:02:36]} Rfd8 {[%emt 0:03:17]} 28. Nb3 {[%emt 0:00:54]} Kh8 {[%emt 0:00:40]} 29. Rxd5 {[%emt 0:03:21]} Bxd5 {[%emt 0:01:15]} 30. Qd3 {[%emt 0:00:59]} Qe1 {[%emt 0:01:04]} 31. Rf1 {[%emt 0:00:41]} Qe6 {[%emt 0:03:29]} 32. Rd1 {[%emt 0:00:42]} Rd7 {[%emt 0:00:40]} 33. Nd4 {[%emt 0:00:25]} Qe5 {[%emt 0:01:31]} 34. Qf5 {[%emt 0:00:41]} Qe3 {[%emt 0:00:32]} 35. Rd3 {[%emt 0:00:40]} Qe1 {[%emt 0:00:46]} 36. Nf3 {[%emt 0:00:39]} Qe2+ {[%emt 0:00:45]} 37. Kg1 {[%emt 0:00:30]} Bxf3 {[%emt 0:00:00]} 38. Rxf3 {[%emt 0:00:03]} Qe1+ {[%emt 0:01:00]} 39. Kg2 {[%emt 0:00:47]} Re7 {[%emt 0:00:44]} 40. Rf2 {[%emt 0:00:00]} Qa1 {[%emt 0:01:06]} 41. Qd3 {[%emt 0:02:54]} Qe5 {[%emt 0:11:09]} 42. Qc4 {[%emt 0:03:30]} f5 {[%emt 0:08:36]} 1/2-1/2

[Event "TUR-chT Superleague 2018"]
[Site "Ankara"]
[Date "2018.07.30"]
[Round "7"]
[White "Onur, Cigdem"]
[Black "Erece, Ece Alkim"]
[Result "1-0"]
[WhiteElo "1750"]
[BlackElo "1788"]
[Annotator "NA"]
[PlyCount "45"]
[EventDate "2018.07.25"]
[EventType "team-tourn"]
[EventCountry "TUR"]
[SourceTitle "playchess.com"]
[Source "ChessBase"]
[SourceQuality "1"]
[TimeControl "40/5400+30:1800+30"]

1. d4 Nf6 2. Bf4 g6 3. Nc3 Bg7 4. e4 d6 5. Qd2 O-O 6. f3 Re8 7. O-O-O Na6 8. Bh6 Bh8 9. h4 c6 10. h5 Be6 11. Qg5 Qb6 12. g4 Nb4 13. Kb1 {[%emt 1:00:30]} Nd7 {[%emt 1:03:00]} 14. Nge2 {[%emt 0:05:30]} d5 {[%emt 0:05:30]} 15. Qh4 {[%emt 0:04:30]} f6 {[%emt 0:05:30]} 16. hxg6 {[%emt 0:06:30]} hxg6 {[%emt 0:00:30]} 17. Nf4 {[%emt 0:00:30]} Kf7 {[%emt 0:04:35]} 18. Nxg6 {[%emt 0:02:57]} Rg8 {[%emt 0:00:48]} 19. Nxh8+ {[%emt 0:04:48]} Ke8 {[%emt 0:00:49]} 20. Qh5+ {[%emt 0:03:01]} Kd8 {[%emt 0:00:07]} 21. Nf7+ {[%emt 0:00:57]} Kc8 {[%emt 0:00:18]} 22. Bf4 {[%emt 0:00:54]} Rf8 {[%emt 0:01:27]} 23. Nh6 {[%emt 0:01:18]} 1-0

[Event "TUR-chT Superleague 2018"]
[Site "Ankara"]
[Date "2018.07.30"]
[Round "7"]
[White "Yorgun, Yaren Naz"]
[Black "Sade, Defne"]
[Result "1-0"]
[WhiteElo "1737"]
[BlackElo "1954"]
[Annotator "NA"]
[PlyCount "38"]
[EventDate "2018.07.25"]
[EventType "team-tourn"]
[EventCountry "TUR"]
[SourceTitle "playchess.com"]
[Source "ChessBase"]
[SourceQuality "1"]
[TimeControl "40/5400+30:1800+30"]

1. e4 e5 2. Nf3 Nc6 3. Bc4 Bc5 4. c3 Nf6 5. d4 exd4 6. e5 d5 7. Bb5 Ne4 8. cxd4 Bb6 9. Nc3 O-O 10. Be3 Bg4 11. h3 Be6 12. O-O h6 13. Bd3 Nxc3 14. bxc3 f5 15. Qc1 Qe7 16. Nh2 Qf7 17. f4 Ne7 18. Be2 Kh8 19. Kh1 Rac8 1-0

[Event "TUR-chT Superleague 2018"]
[Site "Ankara"]
[Date "2018.07.30"]
[Round "7"]
[White "Incecik, Seyma Zeynep"]
[Black "Keskin, Elif"]
[Result "1-0"]
[WhiteElo "1673"]
[BlackElo "1719"]
[Annotator "NA"]
[PlyCount "159"]
[EventDate "2018.07.25"]
[EventType "team-tourn"]
[EventCountry "TUR"]
[SourceTitle "playchess.com"]
[Source "ChessBase"]
[SourceQuality "1"]
[TimeControl "40/5400+30:1800+30"]

1. e4 c5 2. Nf3 d6 3. d4 cxd4 4. Nxd4 Nf6 5. Nc3 g6 6. Be3 Bg7 7. f3 O-O 8. Qd2 Nc6 9. Be2 Bd7 10. g4 Rc8 11. h4 h5 12. O-O-O Ne5 13. Bh6 Kh7 14. Bxg7 Kxg7 15. g5 Ne8 16. f4 Nc4 {[%emt 0:44:30]} 17. Bxc4 {[%emt 1:15:30]} Rxc4 {[%emt 0:00:00]} 18. e5 {[%emt 0:02:30]} Bg4 {[%emt 0:08:00]} 19. Rde1 {[%emt 0:01:45]} Qb6 {[%emt 0:07:30]} 20. Nb3 {[%emt 0:01:48]} e6 {[%emt 0:06:30]} 21. Rhf1 {[%emt 0:07:03]} d5 {[%emt 0:03:30]} 22. Ne2 {[%emt 0:03:26]} Kh7 {[%emt 0:02:30]} 23. Kb1 {[%emt 0:01:42]} Ng7 {[%emt 0:01:30]} 24. Qa5 {[%emt 0:03:05]} Qxa5 {[%emt 0:04:30]} 25. Nxa5 {[%emt 0:00:04]} Rc7 {[%emt 0:01:30]} 26. Nd4 {[%emt 0:00:18]} Nf5 {[%emt 0:02:30]} 27. Nxf5 {[%emt 0:01:35]} Bxf5 {[%emt 0:00:30]} 28. Rf2 {[%emt 0:02:55]} Rfc8 {[%emt 0:00:30]} 29. Rc1 {[%emt 0:00:39]} d4 {[%emt 0:04:49]} 30. Rd2 {[%emt 0:00:24]} d3 {[%emt 0:03:04]} 31. c3 {[%emt 0:00:21]} Rd7 {[%emt 0:02:41]} 32. Nb3 {[%emt 0:00:42]} Rcd8 {[%emt 0:01:59]} 33. Nd4 {[%emt 0:00:34]} a6 {[%emt 0:00:41]} 34. Nxf5 {[%emt 0:01:08]} gxf5 {[%emt 0:00:17]} 35. Rf1 {[%emt 0:00:01]} Kg6 {[%emt 0:03:11]} 36. Kc1 {[%emt 0:01:20]} b5 {[%emt 0:00:20]} 37. Rf3 {[%emt 0:00:34]} Kh7 {[%emt 0:01:06]} 38. Rd1 {[%emt 0:00:47]} a5 {[%emt 0:02:57]} 39. Kd2 {[%emt 0:00:20]} b4 {[%emt 0:00:21]} 40. cxb4 {[%emt 0:00:00]} axb4 {[%emt 0:00:34]} 41. Re1 {[%emt 0:15:41]} Ra7 {[%emt 0:04:30]} 42. Rxd3 {[%emt 0:04:13]} Rxd3+ {[%emt 0:00:30]} 43. Kxd3 {[%emt 0:00:30]} Rxa2 {[%emt 0:00:00]} 44. Kc2 {[%emt 0:00:59]} Ra5 {[%emt 0:04:00]} 45. Rd1 {[%emt 0:00:44]} Rb5 {[%emt 0:03:30]} 46. Kb3 {[%emt 0:00:10]} Rb8 {[%emt 0:01:30]} 47. Ka4 {[%emt 0:02:33]} Kg6 {[%emt 0:01:30]} 48. b3 {[%emt 0:02:00]} Rb7 {[%emt 0:01:30]} 49. Ka5 {[%emt 0:01:48]} Rb8 {[%emt 0:00:30]} 50. Rf1 {[%emt 0:02:29]} Rb7 {[%emt 0:01:30]} 51. Rd1 {[%emt 0:00:49]} Rb8 {[%emt 0:00:30]} 52. Rd4 {[%emt 0:00:31]} Ra8+ {[%emt 0:01:30]} 53. Kxb4 {[%emt 0:00:30]} Ra1 {[%emt 0:00:00]} 54. Rd2 {[%emt 0:00:17]} Rh1 {[%emt 0:00:00]} 55. Rf2 {[%emt 0:00:24]} Rxh4 {[%emt 0:00:30]} 56. Kc5 {[%emt 0:00:06]} Rh1 {[%emt 0:00:30]} 57. b4 {[%emt 0:00:06]} h4 {[%emt 0:01:55]} 58. Rb2 {[%emt 0:01:18]} h3 {[%emt 0:00:47]} 59. Kd6 {[%emt 0:00:31]} h2 {[%emt 0:01:02]} 60. Ke7 {[%emt 0:00:04]} Rc1 {[%emt 0:00:49]} 61. Rxh2 {[%emt 0:00:09]} Rb1 {[%emt 0:00:29]} 62. Rh6+ {[%emt 0:01:28]} Kg7 {[%emt 0:00:05]} 63. Rf6 {[%emt 0:00:00]} Rxb4 {[%emt 0:01:51]} 64. Rxf7+ {[%emt 0:00:02]} Kg8 {[%emt 0:00:16]} 65. g6 {[%emt 0:02:41]} Rxf4 {[%emt 0:04:33]} 66. Kxe6 {[%emt 0:00:38]} Rg4 {[%emt 0:02:13]} 67. Kxf5 {[%emt 0:00:28]} Rg1 {[%emt 0:00:11]} 68. Kf6 {[%emt 0:01:14]} Rf1+ {[%emt 0:00:28]} 69. Ke7 {[%emt 0:00:37]} Rg1 {[%emt 0:00:11]} 70. g7 {[%emt 0:00:13]} Ra1 {[%emt 0:00:22]} 71. e6 {[%emt 0:00:23]} Rb1 {[%emt 0:00:36]} 72. Kd8 {[%emt 0:02:21]} Rb8+ {[%emt 0:00:45]} 73. Kc7 {[%emt 0:00:29]} Rb1 {[%emt 0:01:51]} 74. Rd7 {[%emt 0:00:21]} Rc1+ {[%emt 0:00:52]} 75. Kd8 {[%emt 0:00:30]} Ra1 {[%emt 0:01:02]} 76. e7 {[%emt 0:00:12]} Ra8+ {[%emt 0:00:42]} 77. Kc7 {[%emt 0:00:03]} Ra7+ {[%emt 0:00:41]} 78. Kd6 {[%emt 0:00:39]} Ra6+ {[%emt 0:00:11]} 79. Ke5 {[%emt 0:00:00]} Ra5+ {[%emt 0:00:05]} 80. Rd5 {[%emt 0:00:00]} 1-0

[Event "TUR-chT Superleague 2018"]
[Site "Ankara"]
[Date "2018.07.30"]
[Round "7"]
[White "Demirel, Ahmet"]
[Black "Yurtseven, Melih"]
[Result "0-1"]
[WhiteElo "1321"]
[BlackElo "2404"]
[Annotator "NA"]
[PlyCount "108"]
[EventDate "2018.07.25"]
[EventType "team-tourn"]
[EventCountry "TUR"]
[SourceTitle "playchess.com"]
[Source "ChessBase"]
[SourceQuality "1"]
[TimeControl "40/5400+30:1800+30"]

1. Nf3 e6 2. g3 d5 3. Bg2 Nf6 4. O-O Be7 5. d3 c5 6. Nbd2 Nc6 7. c3 b6 8. e4 O-O 9. Qc2 Qc7 10. Re1 dxe4 11. dxe4 Ba6 12. Bf1 Bb7 13. Bg2 Nd7 14. Nc4 b5 15. Ne3 a6 16. a4 Qb6 17. b3 Rac8 18. Nd1 Rfd8 19. Nb2 Bf6 20. Bf4 Nde5 21. Nxe5 Nxe5 22. Bxe5 Bxe5 23. Nd3 Bb8 24. e5 Bxg2 25. Kxg2 c4 26. Nf4 cxb3 27. Qxb3 Qc6+ 28. Kg1 Qxc3 29. Qxc3 Rxc3 30. axb5 axb5 31. Ne2 Rc4 32. f4 Bc7 33. Rec1 Bb6+ 34. Kf1 h5 35. Rab1 Be3 36. Rc3 Bd2 {[%emt 0:49:30]} 37. Rcb3 {[%emt 1:06:30]} b4 {[%emt 0:00:30]} 38. Ng1 {[%emt 0:02:30]} Bc3 {[%emt 0:00:30]} 39. Ne2 {[%emt 0:00:30]} Kh7 {[%emt 0:00:30]} 40. Nxc3 {[%emt 0:00:00]} bxc3 {[%emt 0:00:30]} 41. Rc1 {[%emt 0:05:00]} c2 {[%emt 0:00:30]} 42. Ke2 {[%emt 0:00:30]} Kg6 {[%emt 0:00:30]} 43. Rd3 {[%emt 0:00:30]} Rdc8 {[%emt 0:00:30]} 44. Kd2 {[%emt 0:01:30]} Kf5 {[%emt 0:00:30]} 45. Ke3 {[%emt 0:00:30]} Rc3 {[%emt 0:00:30]} 46. Rxc3 {[%emt 0:01:30]} Rxc3+ {[%emt 0:00:30]} 47. Kd2 {[%emt 0:00:00]} Rc7 {[%emt 0:00:00]} 48. h3 {[%emt 0:03:00]} h4 {[%emt 0:01:00]} 49. gxh4 {[%emt 0:04:30]} Kxf4 {[%emt 0:00:00]} 50. Rf1+ {[%emt 0:00:30]} Kxe5 {[%emt 0:00:00]} 51. Kc1 {[%emt 0:00:30]} f5 {[%emt 0:00:30]} 52. h5 {[%emt 0:00:00]} f4 {[%emt 0:00:00]} 53. Re1+ {[%emt 0:02:00]} Kf5 {[%emt 0:00:00]} 54. Rf1 {[%emt 0:00:30]} e5 {[%emt 0:00:00]} 0-1

[Event "TUR-chT Superleague 2018"]
[Site "Ankara"]
[Date "2018.08.01"]
[Round "8"]
[White "Mamedov, Rauf"]
[Black "Inarkiev, Ernesto"]
[Result "1/2-1/2"]
[WhiteElo "2708"]
[BlackElo "2690"]
[Annotator "TA"]
[PlyCount "215"]
[EventDate "2018.07.25"]
[EventType "team-tourn"]
[EventCountry "TUR"]
[SourceTitle "playchess.com"]
[Source "ChessBase"]
[SourceQuality "1"]

{[%evp 17,215,21,21,21,21,21,21,21,21,21,24,34,25,21,20,20,29,37,44,31,30,18,18,14,18,17,16,8,85,71,69,62,105,100,110,104,112,113,93,90,113,113,124,123,122,110,101,48,96,97,139,135,143,147,134,104,104,0,121,100,184,184,166,19,22,28,25,0,5,0,0,0,0,0,0,0,0,0,0,0,166,0,5,6,6,0,0,0,0,0,0,0,0,0,0,0,0,0,0,0,0,0,0,0,0,0,0,0,0,0,0,0,0,0,0,0,0,0,0,0,0,0,0,0,0,0,0,0,0,0,0,0,0,0,0,0,0,0,0,0,0,0,0,0,0,0,0,0,0,0,0,0,0,0,0,0,0,0,0,0,0,0,0,0,0,0,0,0,0,0,0,0,0,0,0,0,0,0,0,0,0,0,0,0,0,0,0,0,0,0,0,0,0,0,0,0,0,0,0,0]} 1. e4 e5 2. Nf3 Nc6 3. d4 exd4 4. Bc4 Nf6 5. e5 Ng4 6. O-O Be7 {C56: Two Knights: 4 d4 exd4 5 0-0 Nxe4} (6... d5 7. Bb5 Bd7 8. Bxc6 bxc6 9. h3 Nh6 10. Nxd4 Nf5 11. Nc3 Bc5 12. Nxf5 Bxf5 13. Na4 Bb6 14. b3 {0-1 (28) Petrosian,T (2611)-Carlsen,M (2851) chess.com INT 2016}) 7. Re1 d6 8. exd6 Qxd6 9. b3 O-O {LiveBook: 3 Games} 10. Ba3 Qd8 11. Bxe7 Nxe7 12. Qxd4 Qxd4 13. Nxd4 Nf5 14. Nxf5 Bxf5 15. Re7 $146 Rac8 16. Nc3 Bxc2 17. Bd5 b6 18. Bb7 Rcd8 19. h3 $36 {[%mdl 2048] White is pushing.} Nf6 20. Rc1 Bd3 21. Rxc7 h6 22. Rd1 Rfe8 (22... Bc2 $11 {keeps the balance.} 23. Rc1 Bg6) 23. Bc6 $16 Re6 24. b4 Kf8 25. Bb5 Red6 26. Rxa7 Bxb5 27. Rxd6 Rxd6 28. Nxb5 {[%mdl 4096] Endgame KRN-KRN} Rd1+ 29. Kh2 Rd2 30. a4 Rb2 31. Nd6 Rxb4 32. Rxf7+ Kg8 33. Ra7 g6 34. Nc8 g5 35. Ne7+ Kf8 36. Ng6+ Kg8 37. Ne7+ Kf8 38. f3 h5 {[#]} (38... Rb2 $16 {might work better.} 39. Rb7 Ra2) 39. Nc6 $1 $18 {[%cal Rc6b4]} Rb2 40. Rb7 (40. Ne5 $18 Nd5 41. Rf7+ Kg8 42. Rf5 Rxg2+ 43. Kxg2 Ne3+ 44. Kf2 Nxf5 45. Nc4) 40... Nd5 $1 $11 41. a5 Ne3 $1 42. Rb8+ Kg7 $1 43. Re8 Nxg2 {[#] Strongly threatening ...Nh4+.} 44. a6 {And now a7 would win.} Nh4+ 45. Kg1 {Black must now prevent a7.} Nxf3+ 46. Kf1 {aiming for a7.} Nh2+ 47. Ke1 Nf3+ 48. Kd1 Rd2+ 49. Kc1 {Hoping for a7.} Ra2 $1 {[%cal Ra2a6] The position is equal.} 50. a7 Nd4 $1 51. Kb1 Ra6 52. Nxd4 Rxa7 {KRN-KR} 53. Re5 Kf6 54. Rf5+ Kg6 {...Rd7 is the strong threat.} 55. Rb5 Ra3 56. Rxb6+ Kf7 57. Nb3 g4 58. hxg4 hxg4 59. Rb4 g3 60. Rf4+ Ke6 61. Kb2 g2 (61... Ra8 {keeps more tension.} 62. Rg4 Kf5 63. Rxg3 Kf4 64. Rc3 Rh8) 62. Rg4 Ra8 63. Rxg2 Rc8 64. Rg5 Kd6 65. Nd2 Ke6 66. Kb3 Rc1 67. Nc4 Kf6 68. Ra5 Ke6 69. Kb4 Kf6 70. Rd5 Ke6 71. Kc5 Kf6 72. Rd2 Ke6 73. Re2+ Kf6 74. Kd5 Rd1+ 75. Nd2 Ra1 76. Ne4+ Ke7 77. Nd6+ Kd7 78. Nc4 Rd1+ 79. Kc5 Rc1 80. Re3 Rc2 81. Kd5 Rc1 82. Ne5+ Kc7 83. Rh3 Rd1+ 84. Nd3 Kb6 85. Kc4 Kc7 86. Rh6 Kd7 87. Nc5+ Ke7 88. Kb5 Rf1 89. Re6+ Kf7 90. Re2 Rd1 91. Kc6 Kf6 92. Re3 Rd8 93. Re1 Kf5 94. Ne4 Rd3 95. Kc5 Kf4 96. Nd6 Re3 97. Ra1 Rd3 98. Ra4+ Kf3 99. Nf5 Rd1 100. Nd4+ Ke4 101. Rc4 Ke5 102. Nf3+ Kf5 103. Rc2 Ke4 104. Rc3 Rd8 105. Ng5+ Kf5 106. Nf7 Rc8+ 107. Kd4 Rxc3 108. Kxc3 {Precision: White = 81%, Black = 75%.} 1/2-1/2